000 00501cam8a220016900 4500
001 tmp15765278
003 UPRA
005 20190822082051.0
008 951024s1991 xx eng u
035 _a(Sirsi) r43952
035 _a(UPRA)tmp15765278
040 _cUPRA
245 0 0 _aHuman rights in cross-cultural perspectives :
_ba quest for consensus /
_cedited by Abdullahi Ahmed An-Na`im.
260 _c1991.
949 _aKJ605
_wlcc
_i33729001720320
_mMAIN
_p2500
_tBOOK
_lON-SHELF
004 43952
999 _c121175
_d121175